Clash Royale All Heroes - Statistics

General Stats
  • This quiz has been taken 13 times
    11 since last reset
  • The average score is 10 of 13
Answer Stats
Answer % Correct
Mini Pekka
100%
Giant
89%
Knight
89%
Magic Archer
89%
Barbarian Barrel
78%
Bowler
78%
Ice Golem
78%
Musketeer
78%
Wizard
78%
Balloon
67%
Dark Prince
67%
Goblins
67%
Mega Minion
67%
No matching quizzes found
Score Distribution
Percent of People with Each Score
Percentile by Number Answered
Your Score History
You have not taken this quiz since the last reset